[Event "Let's Play Chess!"]
[Site "http://www.queenalice.com/game.php?id=1644072"]
[Date "2021.2.19"]
[Round "-"]
[White "askasl159"]
[Black "Ew"]
[Result "1-0"]
[WhiteElo "1835"]
[BlackElo "1757"]

1. e4 e5 2. f4 d6 3. Nf3 Nf6 4. Nc3 a6 5. Bc4 Nc6 6. d3 b5 7. Bd5 Bb7 8. fxe5
Nxd5 9. exd5 Nb4 10. e6 fxe6 11. dxe6 Bxf3 12. Qxf3 Nxc2+ 13. Kd1 Nxa1 14. Qf7#
1-0

[Event "Let's Play Chess!"]
[Site "http://www.queenalice.com/game.php?id=1644073"]
[Date "2021.2.19"]
[Round "-"]
[White "Ew"]
[Black "askasl159"]
[Result "0-1"]
[WhiteElo "1705"]
[BlackElo "1878"]

1. g4 e5 2. Bg2 d5 3. h3 Bc5 4. Nc3 Be6 5. e4 d4 6. Na4 Bd6 7. d3 h6 8. Ne2 b5
9. Nac3 dxc3 10. Nxc3 b4 11. Nb5 a6 12. Nxd6+ cxd6 13. Bd2 Nf6 14. Bxb4 Nc6 15.
Qd2 O-O 16. O-O a5 17. Ba3 Nd4 18. c3 Nb5 19. d4 Nxa3 20. bxa3 Bc4 21. Rfd1 Qc7
22. f3 Rfd8 23. Bf1 a4 24. d5 Nh7 25. Bxc4 Qxc4 26. Rab1 Rab8 27. Rxb8 Rxb8 28.
Qf2 Ng5 29. Kh2 Qxc3 30. Rf1 Rb2 0-1

[Event "Let's Play Chess!"]
[Site "http://www.queenalice.com/game.php?id=1644214"]
[Date "2021.2.20"]
[Round "-"]
[White "Ew"]
[Black "askasl159"]
[Result "0-1"]
[WhiteElo "1706"]
[BlackElo "1844"]

1. e4 e5 2. d4 exd4 3. Qxd4 Nc6 4. Qe3 b6 5. Bb5 Bb7 6. f3 Bc5 7. Qg5 Qxg5 8.
Bxg5 h6 9. Bf4 Nf6 10. Bxc7 O-O 11. Nd2 a6 12. Bxc6 Bxc6 13. O-O-O d5 14. exd5
Bxd5 15. b3 Rac8 16. Be5 Bxg1 17. Rhxg1 Nd7 18. f4 Nxe5 19. fxe5 f6 20. exf6
Rxf6 21. g4 Rf2 22. h3 Bf7 23. Rgf1 Rh2 24. Rh1 Rxh1 25. Rxh1 Bg6 26. c4 b5 27.
Kb2 bxc4 28. Nxc4 Be4 29. Re1 Bg2 30. Nd6 Rd8 31. Nb7 Bxb7 32. h4 Rd4 33. Rg1 h5
34. gxh5 Rxh4 35. Rg5 Bf3 36. a4 Bxh5 37. Kc3 Bf7 38. b4 Kh7 39. Rf5 Rc4+ 40.
Kb3 Rf4+ 0-1

[Event "Let's Play Chess!"]
[Site "http://www.queenalice.com/game.php?id=1644272"]
[Date "2021.2.20"]
[Round "-"]
[White "askasl159"]
[Black "Ew"]
[Result "0-1"]
[WhiteElo "1854"]
[BlackElo "1696"]

1. e4 e5 2. f4 d5 3. Nf3 exf4 4. e5 Nc6 5. d4 f6 6. Bd3 fxe5 7. dxe5 Bg4 8. O-O
Bxf3 9. Qxf3 Bc5+ 10. Kh1 Nxe5 11. Qxf4 Qe7 12. Bd2 O-O-O 13. Bf5+ Kb8 14. b4
Bd6 15. Qd4 Nf6 16. Be3 b6 17. a3 Nc4 18. Bf4 Bxf4 19. Qxf4 Rhe8 20. Nc3 g6 21.
Bd3 d4 22. Nb5 Nd5 23. Qf7 Ne5 24. Qxe7 Rxe7 25. Nxd4 Nxd3 26. Nc6+ Kc8 27.
Nxe7+ Nxe7 28. cxd3 Rxd3 29. Rf7 Nd5 30. Rxh7 Ne3 31. h3 Rd2 32. Re1 Nxg2 33.
Ree7 Rc2 34. a4 g5 35. a5 Nh4 36. a6 Rc1+ 37. Kh2 Rc2+ 38. Kg3 Rg2# 0-1

[Event "Let's Play Chess!"]
[Site "http://www.queenalice.com/game.php?id=1644273"]
[Date "2021.2.20"]
[Round "-"]
[White "Ew"]
[Black "askasl159"]
[Result "0-1"]
[WhiteElo "1696"]
[BlackElo "1887"]

1. g3 e5 2. Bg2 d5 3. b3 Nf6 4. Bb2 Nc6 5. a3 Bc5 6. b4 Bb6 7. e3 O-O 8. Nc3 a6
9. Qf3 Bg4 10. Qxf6 gxf6 11. Bxd5 Qd6 12. f3 Be6 13. Bxe6 Qxe6 14. O-O-O f5 15.
e4 fxe4 16. Nxe4 Bxg1 17. Rhxg1 Nd4 18. Bxd4 exd4 19. d3 Qa2 20. Kd2 Qxa3 21.
Ra1 Qxb4+ 22. Ke2 f5 23. Rab1 Qe7 24. Rxb7 fxe4 25. fxe4 Rab8 26. Rxb8 Rxb8 27.
h4 Rb2 28. Kd2 a5 29. Ra1 Qb4+ 0-1

[Event "Let's Play Chess!"]
[Site "http://www.queenalice.com/game.php?id=1644890"]
[Date "2021.2.27"]
[Round "-"]
[White "charles31"]
[Black "Ew"]
[Result "0-1"]
[WhiteElo "1819"]
[BlackElo "1718"]

1. d4 b6 2. e4 Bb7 3. Nc3 g6 4. d5 Bg7 5. Bd2 d6 6. Nh3 Nh6 7. f3 O-O 8. Bd3 Ba6
9. Bxa6 Nxa6 10. a3 e5 11. Qe2 Qc8 12. Bg5 f6 13. Bh4 f5 14. exf5 Qxf5 15. Bg3
Nc5 16. Qe3 Qxc2 17. Qe2 Nd3+ 18. Kf1 Qxe2+ 19. Kxe2 Nxb2 20. Rab1 Nc4 21. Ng5
Nxa3 22. Rb2 e4 23. fxe4 Bxc3 24. Rb3 Bf6 25. Rxa3 Bxg5 26. h3 Bf4 27. Bxf4 Rxf4
28. Ke3 Rff8 29. Re1 Nf7 30. Rf1 Ne5 31. Rxf8+ Kxf8 32. g4 Nc4+ 0-1

[Event "Let's Play Chess!"]
[Site "http://www.queenalice.com/game.php?id=1644891"]
[Date "2021.2.27"]
[Round "-"]
[White "Ew"]
[Black "charles31"]
[Result "0-1"]
[WhiteElo "1757"]
[BlackElo "1674"]

1. g3 e5 2. Bg2 Na6 3. b3 d5 4. Bb2 f6 5. Nc3 Be6 6. e4 d4 7. Nd5 Bxd5 8. exd5
Qd6 9. d3 Ne7 10. c4 Nf5 11. Qf3 Qb4+ 12. Kd1 Qa5 13. Qxf5 Nc5 14. Ne2 Be7 15.
a3 Nxb3 16. Rb1 Qa4 17. d6 Bxd6 18. Qe6+ Be7 19. Qd5 c6 20. Qf3 Na1+ 21. Ke1
Nc2+ 22. Kf1 Bxa3 23. Kg1 Bxb2 24. Bf1 Qa2 25. Rd1 Nb4 26. Rd2 Qa3 27. h4 Bc3
28. Nxc3 Qxc3 29. Rd1 Ke7 30. Kh2 Ke6 31. Bh3+ Kf7 32. Qh5+ g6 33. Qf3 h5 34.
Rc1 Qxd3 35. Qxd3 Nxd3 36. Rb1 b6 37. Kg2 f5 38. Rhd1 Nc5 39. f4 exf4 40. gxf4
Rhd8 41. Kg3 d3 42. Rb2 Kf6 43. Bf1 Rd6 44. Rbd2 Rad8 45. Kf3 Ne4 46. Rxd3 Rxd3+
47. Bxd3 c5 48. Ke3 Nc3 49. Ra1 Rd7 50. Kd2 Ne4+ 51. Ke3 a5 52. Bxe4 fxe4 53.
Kxe4 Rd4+ 54. Ke3 Rxc4 55. Rb1 Rb4 56. Rxb4 axb4 57. Kd3 Kf5 0-1

[Event "Let's Play Chess!"]
[Site "http://www.queenalice.com/game.php?id=1644892"]
[Date "2021.2.27"]
[Round "-"]
[White "charles31"]
[Black "Ew"]
[Result "0-1"]
[WhiteElo "1801"]
[BlackElo "1738"]

1. Nc3 d5 2. d4 Nc6 3. a3 e5 4. dxe5 Nxe5 5. h3 d4 6. Ne4 Bf5 7. Nd2 c5 8. e4
Be6 9. Bb5+ Bd7 10. Bxd7+ Qxd7 11. f4 Ng6 12. g3 Qc6 13. Qe2 Nf6 14. Ngf3 O-O-O
15. e5 Nd7 16. Nc4 Qa4 17. b3 Qa6 18. Ng5 Re8 19. Nxf7 Rg8 20. Kf2 Qe6 21. Ng5
Qd5 22. Nxh7 Be7 23. h4 Qxh1 24. Bb2 Qc6 25. Ng5 Bxg5 26. hxg5 Rh8 27. Rg1 Rh2+
28. Kf1 Rxe2 29. Kxe2 Qe4+ 30. Kd2 Re6 31. Nd6+ Rxd6 32. exd6 Qe3+ 0-1

[Event "Let's Play Chess!"]
[Site "http://www.queenalice.com/game.php?id=1644893"]
[Date "2021.2.27"]
[Round "-"]
[White "Ew"]
[Black "charles31"]
[Result "1-0"]
[WhiteElo "1696"]
[BlackElo "1709"]

1. e4 e5 2. Nf3 a6 3. a3 Nc6 4. d4 exd4 5. Nxd4 Nxd4 6. Qxd4 h6 7. Bc4 d6 8. e5
c5 9. Qf4 Be6 10. Bxe6 fxe6 11. O-O d5 12. Nc3 b5 13. Be3 d4 14. Rfd1 Qb6 15.
Bxd4 cxd4 16. Rxd4 Bc5 17. Rd2 Ne7 18. Rad1 Nf5 19. Rd7 Bd4 20. R1xd4 Nxd4 21.
Qf7# 1-0

[Event "Let's Play Chess!"]
[Site "http://www.queenalice.com/game.php?id=1645036"]
[Date "2021.2.27"]
[Round "-"]
[White "Ew"]
[Black "charles31"]
[Result "1-0"]
[WhiteElo "1703"]
[BlackElo "1790"]

1. e4 e5 2. Nf3 d6 3. h3 a6 4. Bc4 h6 5. O-O Nf6 6. d3 Nc6 7. Be3 Be6 8. Bxe6
fxe6 9. Nc3 Nh5 10. Nh2 d5 11. Qxh5+ Ke7 12. Bg5+ Kd7 13. Bxd8 Rxd8 14. Qf7+ Ne7
15. exd5 exd5 16. Nxd5 Kd6 17. Nxe7 Bxe7 18. Qxg7 Rdg8 19. Qf7 Bg5 20. Ng4 Rf8
21. Qb3 h5 22. Ne3 Kc6 23. Qd5+ Kb6 24. Nc4+ Ka7 25. Qxe5 Bf6 26. Qxc7 Rc8 27.
Qb6+ 1-0

[Event "Let's Play 456"]
[Site "http://www.queenalice.com/game.php?id=1645048"]
[Date "2021.2.27"]
[Round "-"]
[White "Ew"]
[Black "digger"]
[Result "1-0"]
[WhiteElo "1738"]
[BlackElo "1529"]

1. g3 c5 2. Bg2 d5 3. b3 e5 4. Bb2 Nc6 5. h3 Be6 6. e3 e4 7. Ne2 Nb4 8. a3 Nc6
9. g4 f6 10. O-O Qd6 11. Nf4 Bd7 12. Nc3 Nge7 13. Nb5 Qb8 14. d4 Nxd4 15. Nxd4
cxd4 16. Qxd4 Bc6 17. f3 exf3 18. Bxf3 Ng6 19. Bxd5 Bxd5 20. Nxd5 Qg3+ 21. Kh1
Bd6 22. Qa4+ Kf7 23. Qd7+ Be7 24. Nxf6 Qxh3+ 25. Kg1 Qxe3+ 26. Rf2 Nf4 27. Nd5
Qg3+ 28. Kf1 Qh3+ 29. Kg1 Qg3+ 30. Kf1 Rhe8 31. Rxf4+ Qxf4+ 32. Nxf4 Rad8 33.
Qf5+ Kg8 34. Kg2 Rd2+ 35. Kf1 Bh4 36. Qh5 Rf2+ 37. Kg1 Re4 38. Qd5+ Kf8 39. Qxe4
Rd2 40. Ne6+ Kg8 41. Qxb7 Bf2+ 42. Kf1 Bd4 43. Bxd4 Rxd4 44. Qxg7# 1-0

[Event "Let's Play 457"]
[Site "http://www.queenalice.com/game.php?id=1645049"]
[Date "2021.2.27"]
[Round "-"]
[White "digger"]
[Black "Ew"]
[Result "0-1"]
[WhiteElo "1562"]
[BlackElo "1746"]

1. Nc3 b6 2. Nf3 Bb7 3. e4 g6 4. d4 Bg7 5. Bb5 a6 6. Bd3 d5 7. e5 e6 8. O-O Ne7
9. Be3 O-O 10. a4 a5 11. Nd2 Ba6 12. Nb5 Bxb5 13. Bxb5 f6 14. Qf3 fxe5 15. Qg3
exd4 16. Bg5 h6 17. Bf4 c6 18. Bd3 g5 19. Bd6 Nf5 20. Bxf5 Rxf5 21. Rad1 d3 22.
c3 e5 23. Bxb8 Qxb8 24. Nb3 e4 25. Nd4 Qxg3 26. hxg3 Bxd4 27. cxd4 b5 28. b3
bxa4 29. bxa4 Rb8 30. Rc1 Rf6 31. Rc5 Rb4 32. Rxa5 Rxd4 33. Ra8+ Kg7 34. a5 d2
35. Rd1 Rf8 36. Ra7+ Rf7 37. Rxf7+ Kxf7 38. a6 Ra4 39. Rxd2 Rxa6 40. g4 Ke6 41.
Kh2 c5 42. Re2 c4 43. f3 Ke5 44. Kg3 c3 45. Rc2 Rc6 46. Kh3 d4 47. fxe4 Kxe4 48.
Kg3 d3 49. Rc1 c2 50. Re1+ Kd4 51. Kf3 d2 52. Re4+ Kd5 53. Re2 d1=Q 54. Ke3
c1=Q+ 55. Kf3 Rc3+ 56. Kf2 Qf1# 0-1

[Event "Let's Play 458"]
[Site "http://www.queenalice.com/game.php?id=1645050"]
[Date "2021.2.27"]
[Round "-"]
[White "digger"]
[Black "Ew"]
[Result "1-0"]
[WhiteElo "1564"]
[BlackElo "1734"]

1. Nf3 d6 2. e4 e5 3. c3 Nf6 4. d3 Nc6 5. Bg5 Be7 6. h4 h6 7. Be3 O-O 8. Nfd2
Ng4 9. h5 Nxe3 10. fxe3 Bh4+ 11. Ke2 Bg4+ 12. Nf3 Bxh5 13. Kd2 Bxf3 14. Qxf3 Bg5
15. g3 Na5 16. b4 Nc6 17. Kc2 a5 18. b5 Ne7 19. Na3 c6 20. bxc6 bxc6 21. d4 exd4
22. exd4 Rb8 23. Bd3 Qb6 24. Rhb1 Qc7 25. d5 cxd5 26. exd5 Rxb1 27. Rxb1 Rc8 28.
Nb5 Qc5 29. Rb3 Nxd5 30. Be2 Ne3+ 31. Kb2 a4 32. Ra3 Nc4+ 33. Bxc4 Qxc4 34. Nxd6
Qe6 35. Nxc8 Qxc8 36. Rxa4 Qd7 37. Qe4 f5 38. Ra8+ Kh7 39. Qb4 Qd2+ 40. Kb3 Qd1+
41. Kc4 Qg4+ 42. Kb3 Qxg3 43. Ra5 f4 44. Qe4+ Kg8 45. Ra8+ Kf7 46. Qf5+ Bf6 47.
Ra7+ Kg8 48. Qe6+ Kh7 49. Qe4+ Kg8 50. Qe6+ Kh7 51. Qxf6 f3 52. Qf5+ Qg6 53.
Qxg6+ Kxg6 54. Ra8 Kg5 55. Rf8 Kg4 56. Kc2 Kg3 57. Kd2 g5 58. Ke1 Kg2 59. c4 g4
60. c5 g3 61. c6 f2+ 62. Ke2 Kh1 63. Rg8 Kh2 64. c7 h5 65. c8=Q h4 66. Rh8 Kg1
67. Qc1+ Kg2 68. Rxh4 f1=Q+ 69. Qxf1# 1-0

[Event "Let's Play 459"]
[Site "http://www.queenalice.com/game.php?id=1645051"]
[Date "2021.2.27"]
[Round "-"]
[White "Ew"]
[Black "digger"]
[Result "1-0"]
[WhiteElo "1686"]
[BlackElo "1573"]

1. e4 e5 2. Nf3 d6 3. Nc3 Be7 4. Bc4 Nh6 5. d3 O-O 6. O-O Kh8 7. Bxh6 gxh6 8.
Nd5 c6 9. Nxe7 Qxe7 10. b3 Qf6 11. g3 Bg4 12. Kg2 b5 13. Bxb5 cxb5 14. h3 Be6
15. c4 Bd7 16. d4 Rg8 17. dxe5 dxe5 18. Qd5 Bc6 19. Qd3 bxc4 20. Qxc4 Rc8 21.
Qd3 Rd8 22. Qc4 a6 23. a4 Rc8 24. Rfd1 a5 25. h4 Bd7 26. Qd5 Ra7 27. Nxe5 Be6
28. Qd4 Rb7 29. Ng6+ Kg7 30. Qxf6+ Kxf6 31. Nf4 Bxb3 32. Rd6+ Ke7 33. Rxh6 Bc2
34. f3 Rb2 35. Kh3 Rh8 36. Rh5 Nc6 37. Rc5 Kd7 38. g4 Kd6 39. Rb5 Bb3 40. Nd3
Nd4 41. Nxb2 Nxb5 42. axb5 Ra8 43. Ra3 Be6 44. b6 Kc6 45. Na4 Kb5 46. h5 Kb4 47.
Ra1 Bb3 48. b7 Rb8 49. Nb2 Rxb7 50. Nd3+ Kb5 51. e5 a4 52. f4 Rd7 53. Nc1 Bc4
54. Rb1+ Ka5 55. g5 a3 56. Kg4 Rd1 57. Kf5 Bd3+ 58. Nxd3 Rxb1 59. g6 fxg6+ 60.
hxg6 h6 61. g7 Rb8 62. Kg6 Rb6+ 63. Kh7 a2 64. g8=Q h5 65. Qxa2+ Kb5 66. e6 h4
67. e7 Rb7 68. Qd5+ Kb6 69. Qd8+ Ka7 70. Kh6 h3 71. e8=Q Rb6+ 72. Kh7 Rb7+ 73.
Kh8 h2 74. Qa4# 1-0

[Event "Challenge"]
[Site "http://www.queenalice.com/game.php?id=1646541"]
[Date "2021.3.14"]
[Round "-"]
[White "Ew"]
[Black "askasl159"]
[Result "0-1"]
[WhiteElo "1711"]
[BlackElo "1779"]

1. e4 e5 2. d3 f5 3. Nf3 Nc6 4. Nc3 Nf6 5. Bg5 Bb4 6. Qd2 O-O 7. a3 Bxc3 8. Qxc3
d6 9. O-O-O fxe4 10. dxe4 h6 11. Bh4 Bg4 12. Be2 Bxf3 13. Bxf3 Qd7 14. Bxf6 Rxf6
15. h3 Nd4 16. Bg4 Qf7 17. Rhf1 Rc8 18. b3 Rf8 19. Rd2 Nb5 20. Qb4 a6 21. a4 c5
22. Qa5 Nd4 23. Be2 Qg6 24. f3 Kh8 25. g4 Qg5 26. Bc4 Nxf3 27. Be2 Nxd2 28. Qxd2
Rxf1+ 29. Bd1 Rxd1+ 30. Kxd1 Rf1+ 31. Ke2 Rf2+ 32. Kxf2 Qxd2+ 33. Kg3 Qxc2 0-1

[Event "Challenge"]
[Site "http://www.queenalice.com/game.php?id=1646542"]
[Date "2021.3.14"]
[Round "-"]
[White "askasl159"]
[Black "Ew"]
[Result "1-0"]
[WhiteElo "1792"]
[BlackElo "1698"]

1. e4 e5 2. f4 Nc6 3. Nf3 d5 4. Bb5 Bd7 5. O-O a6 6. Bxc6 Bxc6 7. exd5 Bxd5 8.
fxe5 Qe7 9. d4 O-O-O 10. Nc3 Bxf3 11. Rxf3 f6 12. exf6 Nxf6 13. h3 Qb4 14. d5
Bc5+ 15. Kh1 Ne4 16. Nxe4 Qxe4 17. Rf4 Qe5 18. c4 Be3 19. Qg4+ Kb8 20. Re4 Qf6
21. Bxe3 Qxb2 22. Bd4 Qc2 23. Rae1 b6 24. Bxg7 Rhg8 25. Re7 Qxa2 26. Qf4 Rc8 27.
Ra1 Qc2 28. Rxa6 Kb7 29. Ra1 Rge8 30. Rxe8 Rxe8 31. Be5 Rg8 32. Rg1 Rc8 33. Rc1
Qg6 34. c5 bxc5 35. Rxc5 c6 36. Qb4+ Ka7 37. Ra5# 1-0

[Event "Challenge"]
[Site "http://www.queenalice.com/game.php?id=1758677"]
[Date "2021.5.5"]
[Round "-"]
[White "askasl159"]
[Black "Ew"]
[Result "0-1"]
[WhiteElo "1792"]
[BlackElo "1704"]

1. e4 e5 2. f4 f6 3. Nf3 Nc6 4. fxe5 Nxe5 5. d4 Nxf3+ 6. Qxf3 d6 7. Nc3 h5 8.
Be3 Bg4 9. Qf2 Qd7 10. Be2 Be6 11. d5 Bg4 12. O-O-O b6 13. h3 Bxe2 14. Nxe2
O-O-O 15. Nf4 Qa4 16. Kb1 Qxe4 17. Ne6 Re8 18. Rd4 Qe5 19. Bf4 Qf5 20. Rf1 g5
21. Be3 Qxf2 22. Rxf2 Ne7 23. Rxf6 g4 24. hxg4 hxg4 25. a3 Rh5 26. Rxf8 Rxf8 27.
Nxf8 Nf5 28. Rd3 Nxe3 29. Rxe3 Rxd5 30. g3 Rd1+ 31. Ka2 Rg1 32. Nh7 Rg2 33. c4
c5 34. Nf6 Kc7 35. Nxg4 a6 36. Nf6 Kc6 37. Nd5 b5 38. Ne7+ Kd7 39. Ng6 bxc4 40.
a4 a5 41. Nf4 Rg1 42. b3 cxb3+ 43. Rxb3 c4 44. Rb7+ Kc6 45. Rg7 Kc5 46. Kb2 Kb4
47. Rb7+ Kxa4 48. Nd5 Rg2+ 49. Kc3 Rxg3+ 50. Kxc4 Rg4+ 51. Kc3 Ka3 52. Rb3+ Ka2
53. Kc2 Rg2+ 54. Kc3 Rg3+ 0-1

[Event "Challenge"]
[Site "http://www.queenalice.com/game.php?id=1758678"]
[Date "2021.5.5"]
[Round "-"]
[White "Ew"]
[Black "askasl159"]
[Result "1-0"]
[WhiteElo "1681"]
[BlackElo "1848"]

1. e4 e5 2. Nf3 f5 3. Nxe5 Nf6 4. exf5 Qe7 5. Qe2 Nc6 6. Nxc6 bxc6 7. Qxe7+ Bxe7
8. Bc4 d5 9. Bd3 O-O 10. h3 Bc5 11. O-O Ne4 12. Bxe4 dxe4 13. g4 Ba6 14. Re1
Rfe8 15. Nc3 Re5 16. Nxe4 Rae8 17. d3 Bb6 18. Bf4 R5e7 19. f6 gxf6 20. Nxf6+ Kf7
21. Nxe8 Rxe8 22. Rxe8 Kxe8 23. Re1+ Kf7 24. Be3 Bc8 25. f4 Kf6 26. f5 Bd7 27.
c4 Ba5 28. Re2 Bb6 29. b4 a6 30. a4 Bxe3+ 31. Rxe3 c5 32. b5 a5 33. Kg2 h6 34.
Kg3 Bc8 35. Kf4 Bd7 36. h4 Bc8 37. g5+ hxg5+ 38. hxg5+ Kg7 39. Re7+ Kf8 40. Rxc7
1-0

[Event "Challenge"]
[Site "http://www.queenalice.com/game.php?id=1758957"]
[Date "2021.5.9"]
[Round "-"]
[White "Antonella"]
[Black "Ew"]
[Result "0-1"]
[WhiteElo "1119"]
[BlackElo "1679"]

1. Nf3 b6 2. e4 Bb7 3. Nc3 g6 4. Bc4 Bg7 5. h4 Bxc3 6. dxc3 Bxe4 7. Bxf7+ Kxf7
8. Ng5+ Kg7 9. Nxe4 Nf6 10. Qe2 d5 11. Bh6+ Kxh6 12. Ng5 Qf8 13. Ne6 Qf7 14.
Qd2+ g5 15. hxg5+ Kg6 16. Rh6+ Kf5 17. Qe3 Qxe6 18. g4+ Nxg4 19. Ke2 Nxe3 20.
Rxe6 Kxe6 21. fxe3 Rg8 0-1

[Event "Challenge"]
[Site "http://www.queenalice.com/game.php?id=1760346"]
[Date "2021.5.24"]
[Round "-"]
[White "Ew"]
[Black "askasl159"]
[Result "1/2-1/2"]
[WhiteElo "1710"]
[BlackElo "1791"]

1. e4 e5 2. Nc3 Nc6 3. Bb5 Nge7 4. Bxc6 Nxc6 5. Nf3 Bc5 6. a3 O-O 7. b4 Bb6 8.
Nd5 d6 9. Nxb6 axb6 10. Bb2 Bd7 11. O-O h6 12. d4 exd4 13. Bxd4 Nxd4 14. Qxd4 c5
15. Qxd6 cxb4 16. axb4 Rxa1 17. Rxa1 Bc6 18. Qxd8 Rxd8 19. Re1 b5 20. Ne5 f6 21.
Nd3 Rd4 22. f3 b6 23. e5 fxe5 24. Nxe5 Bb7 25. c3 Rd2 26. c4 bxc4 27. Nxc4 Rd4
28. Nxb6 Rxb4 29. Nd7 Rb5 30. Re8+ Kf7 31. Rb8 Bc6 32. Rxb5 Bxb5 33. Nc5 g5 34.
g4 Kg6 35. Kg2 h5 36. h3 Bc6 37. Nd3 Bb5 38. Nf2 hxg4 39. hxg4 Bc6 40. Kg3 Kf6
41. f4 Bd5 42. Nh3 gxf4+ 43. Kxf4 Be6 44. Ng5 Bxg4 45. Kxg4 1/2-1/2

[Event "Challenge"]
[Site "http://www.queenalice.com/game.php?id=1760347"]
[Date "2021.5.24"]
[Round "-"]
[White "askasl159"]
[Black "Ew"]
[Result "1-0"]
[WhiteElo "1780"]
[BlackElo "1724"]

1. e4 g6 2. Bc4 Bg7 3. Nf3 b6 4. d4 c5 5. d5 d6 6. h3 Nf6 7. Nc3 O-O 8. O-O Na6
9. a3 e6 10. Bf4 exd5 11. exd5 Bf5 12. Bxa6 Ne4 13. Nxe4 Bxe4 14. Bb7 Bxf3 15.
Qxf3 Rb8 16. Bc6 Bxb2 17. Ra2 Bd4 18. Bh6 Bg7 19. Bxg7 Kxg7 20. c4 a6 21. Re1 b5
22. cxb5 axb5 23. Rae2 Qf6 24. Qg3 b4 25. axb4 Rxb4 26. Re3 h5 27. Rf3 Qb2 28.
Qxd6 Qd2 29. Rfe3 Rfb8 30. Qxc5 Rb1 31. Qe7 Rxe1+ 32. Rxe1 Rb2 33. Qe5+ Kh6 34.
Qh8+ Kg5 35. Re5+ Kf4 36. Qf6# 1-0